States That Beat Utah - Statistics

General Stats
  • This quiz has been taken 167 times
  • The average score is 12 of 14
Answer Stats
Rank Category Answer % Correct
7 Last Alphabetically Wyoming | Wisconsin | West Virginia | Washington | Virginia | Vermont
99%
7 Highest Maximum Elevation Alaska | California | Colorado | Washington | Wyoming | Hawaii
98%
8 Most Rectangular Colorado | Wyoming | Kansas | North Dakota | New Mexico | Pennsylvania | South Dakota
98%
6 Most Recent Date of Admission Hawaii | Alaska | Arizona | New Mexico | Oklahoma
97%
7 Most Expensive Median Home Price Hawaii | California | Massachusetts | Washington | Colorado | Oregon
95%
3 Most National Parks California | Alaska
92%
6 Fewest Counties West of the Mississippi River Hawaii | Arizona | Nevada | Wyoming | Alaska
92%
5 Fastest Growing (1960-2019) Nevada | Arizona | Florida | Alaska
90%
8 Most Populous Without an NFL Team Virginia | South Carolina | Alabama | Kentucky | Oregon | Oklahoma | Connecticut
89%
8 Fewest Murders Per Capita Maine | Vermont | Iowa | South Dakota | Idaho | Minnesota | Massachusetts
88%
8 Highest % Population in 1 County (2013) Nevada | Hawaii | Arizona | Rhode Island | Delaware | Alaska | Illinois
85%
5 Most Visited Individual National Park North Carolina | Tennessee | Arizona | Colorado
81%
2 Least Precipitation Nevada
74%
2 Lowest % Catholic Mississippi
36%
No matching quizzes found
Score Distribution
Percent of People with Each Score
Percentile by Number Answered
Your Score History
You have not taken this quiz